The Adventures of Robin Hood / (Record no. 7705)
[ view plain ]
| 000 -LEADER | |
|---|---|
| fixed length control field | 00628nam a22002177a 4500 |
| 003 - CONTROL NUMBER IDENTIFIER | |
| control field | SISC |
| 005 - DATE AND TIME OF LATEST TRANSACTION | |
| control field | 20160303103125.0 |
| 008 - FIXED-LENGTH DATA ELEMENTS--GENERAL INFORMATION | |
| fixed length control field | 130724t xxu||||| |||| 00| 0 eng d |
| 020 ## - INTERNATIONAL STANDARD BOOK NUMBER | |
| International Standard Book Number | 08049-00671 |
| 050 ## - LIBRARY OF CONGRESS CALL NUMBER | |
| Classification number | PZ 8.1 |
| Item number | .V858 1965 |
| 082 ## - DEWEY DECIMAL CLASSIFICATION NUMBER | |
| Classification number | CLA V83a |
| Item number | 19 |
| 100 V# - MAIN ENTRY--PERSONAL NAME | |
| Personal name | Vivian, Charles E. |
| 9 (RLIN) | 3679 |
| 245 ## - TITLE STATEMENT | |
| Title | The Adventures of Robin Hood / |
| Statement of responsibility, etc | E. Charles Vivian. |
| 260 ## - PUBLICATION, DISTRIBUTION, ETC. (IMPRINT) | |
| Place of publication, distribution, etc | New York : |
| Name of publisher, distributor, etc | Airmont Publishing Company, |
| Date of publication, distribution, etc | c1965. |
| 300 ## - PHYSICAL DESCRIPTION | |
| Extent | 160p ; |
| Dimensions | 19 cm. |
| 562 ## - COPY AND VERSION IDENTIFICATION NOTE | |
| Number of copies | 1 |
| 650 ## - SUBJECT ADDED ENTRY--TOPICAL TERM | |
| Topical term or geographic name as entry element | Adventures and adventurers--Fiction |
| 9 (RLIN) | 3355 |
| 650 ## - SUBJECT ADDED ENTRY--TOPICAL TERM | |
| Topical term or geographic name as entry element | Children's literature |
| 9 (RLIN) | 1986 |
| 942 ## - ADDED ENTRY ELEMENTS (KOHA) | |
| Source of classification or shelving scheme | Library of Congress Classification |
| Koha item type | Books |
| Withdrawn status | Lost status | Source of classification or shelving scheme | Damaged status | Home library | Current library | Shelving location | Date acquired | Total Checkouts | Full call number | Barcode | Date last seen | Copy number | Price effective from | Koha item type |
|---|---|---|---|---|---|---|---|---|---|---|---|---|---|---|
| Library of Congress Classification | Luxembourg Library | Luxembourg Library | Classic Section | 07/24/2013 | PZ 8.1 .V858 1965 | 4367 | 05/27/2015 | 1 | 07/24/2013 | Books |